| 000 | 00709nam a2200181Ia 4500 | ||
|---|---|---|---|
| 008 | 090124s9999 xx 000 0 und d | ||
| 082 |
_b20192 _a2216 |
||
| 100 | _aनिगडीकर श्रीरंगनाथस्वामी | ||
| 245 | _a कवितासंग्रह (वि.ल.भावे) | ||
| 250 | _a1 | ||
| 260 | _c1905 | ||
| 300 | _a72 | ||
| 600 | _aनिगडीकर श्रीरंगनाथस्वामी | ||
| 630 | _a कवितासंग्रह (वि.ल.भावे) | ||
| 700 | _aनिगडीकर श्रीरंगनाथस्वामी | ||
| 730 | _a कवितासंग्रह (वि.ल.भावे) | ||
| 942 | _cBOOK | ||
| 999 |
_c134001 _d134001 |
||